| 000 | 00736cam a2200217 4500 | ||
|---|---|---|---|
| 001 | 8775 | ||
| 008 | 990811s2000 enka b 001 0 eng | ||
| 010 | _a99045362 | ||
| 020 | _a0521773334 (hb.) | ||
| 020 | _a0521774322 (pbk.) | ||
| 100 | 1 |
_aBarnard, Alan _q(Alan J.) _0 |
|
| 245 | 1 | 0 |
_aHistory and theory in anthropology / _cAlan Barnard |
| 264 | 1 |
_aCambridge, U.K. _aNew York : _bCambridge University Press, _c2000 |
|
| 300 |
_axii, 243 pages : _billustrations ; _c23 cm |
||
| 336 |
_atext _btxt _2rdacontent |
||
| 337 |
_aunmediated _bn _2rdamedia |
||
| 338 |
_avolume _bnc _2rdacarrier |
||
| 504 | _aIncludes bibliographical references (p. 215-235) and index | ||
| 650 | 0 |
_aAnthropology _xHistory. _0 |
|
| 650 | 0 |
_aAnthropology _xPhilosophy. _0 |
|
| 999 |
_c7607 _d7607 |
||